00375nam a2200145Ia 4500003000900000008004100009040001300050040001300063100002100076245007500097260002100172300000800193490000600201700002200207IT-RoPAU120407s9999 xx 000 0 und d aIT-RoPAU cIT-RoPAU aGiovanni Cazzani aScritti pastorali di S.E. Mons Giovanni Cazzani arcivescovo di Cremona aEdizioni Paoline c cm v1 aErcole Brocchieri